| 000 | 01051nam a22002657a 4500 | ||
|---|---|---|---|
| 001 | BD-DhSAU 8669 | ||
| 003 | BD-DhSAU | ||
| 005 | 20181213124539.0 | ||
| 008 | 150613b2009 bg a|||| m||| 00| 0 eng d | ||
| 040 | _aBD-DhSAU | ||
| 082 |
_222 _a595.7 _bN939 |
||
| 100 |
_aNurunnabi, Md. _eRegistration # 08-03197 |
||
| 245 |
_aMajor insect pests of cowpea (vigna unguiculata L. walp.) and their management practices / _bMS thesis _cMd. Nurunnabi |
||
| 260 |
_aSher-e-Bangla Agricultural University : _bDepartment of Entomology, _c2009. |
||
| 300 |
_avii, 72 p. : _bill. ; _c29 cm. |
||
| 500 | _aMS thesis of Department of Entomology, Faculty of Agriculture, Sher-e-Bangla Agricultural University, Dhaka, Bangladesh | ||
| 504 | _aIncludes bibliographical reference. | ||
| 590 | _aJerin | ||
| 650 | _aEntomology | ||
| 650 | _a insect pests | ||
| 700 |
_aAli, Mohammad _eSuperviser |
||
| 700 |
_aLatif, Md. Abdul _eCo-superviser |
||
| 856 | _uhttp://archive.saulibrary.edu.bd:8080/xmlui/handle/123456789/1241 | ||
| 942 |
_2ddc _cTHESIS |
||
| 999 |
_c8669 _d8669 |
||